[Event "Xtracon Open 2019"]
[Site "Helsingor"]
[Date "2019.07.27"]
[Round "9.5"]
[White "Colbow, Collin"]
[Black "Kleimark, Anders"]
[Result "1-0"]
[WhiteElo "2167"]
[BlackElo "2032"]
[Annotator "NA"]
[PlyCount "83"]
[EventDate "2019.07.19"]
[EventType "swiss"]
[EventCountry "DEN"]
[SourceTitle "playchess.com"]
[Source "ChessBase"]
[SourceQuality "1"]

1. e4 c5 2. Nf3 e6 3. d4 cxd4 4. Nxd4 Nc6 5. Nc3 Qc7 6. Be2 a6 7. Be3 b5 8. Nxc6 Qxc6 9. e5 Bb7 10. Bf3 Qc7 11. O-O Rc8 12. Bxb7 Qxb7 13. Qd3 f5 14. Rfd1 Ne7 15. Rd2 b4 16. Na4 Nd5 17. Rad1 Be7 18. Nb6 Nxb6 19. Bxb6 Rc6 20. Be3 Rc7 21. Qb3 Qb5 22. Rd4 Qc6 23. Qd3 Qxc2 24. Qxc2 Rxc2 25. Rxd7 Rf8 26. f4 Kf7 27. Ra7 Re8 28. Rdd7 Kf8 29. h3 h6 30. Kh2 a5 31. Bb6 a4 32. Bc7 Kg8 33. Bd6 Bf8 34. Rf7 Bxd6 35. Rxg7+ Kh8 36. Rh7+ Kg8 37. Rhg7+ Kh8 38. exd6 Rd8 39. Rge7 Rxb2 40. d7 Rg8 41. Rh7+ Kxh7 42. d8=Q+ 1-0

[Event "Xtracon Open 2019"]
[Site "Helsingor"]
[Date "2019.07.27"]
[Round "9.5"]
[White "Nilsson, Eskil"]
[Black "Skjolingstad, Sverre"]
[Result "1-0"]
[WhiteElo "2053"]
[BlackElo "1754"]
[Annotator "NA"]
[PlyCount "87"]
[EventDate "2019.07.19"]
[EventType "swiss"]
[EventCountry "DEN"]
[SourceTitle "playchess.com"]
[Source "ChessBase"]
[SourceQuality "1"]

1. e4 c5 2. Nf3 e6 3. c3 Nf6 4. e5 Nd5 5. g3 d6 6. exd6 Bxd6 7. Bg2 Nc6 8. O-O O-O 9. d4 cxd4 10. Nxd4 Nxd4 11. Qxd4 Qe7 12. c4 Nb4 13. Qe4 Bd7 14. a3 Bc6 15. Qe2 Bxg2 16. Kxg2 Nc6 17. Be3 Rfd8 18. Nc3 Be5 19. Rac1 Nd4 20. Bxd4 Bxd4 21. Rfd1 Bxc3 22. Rxc3 Rxd1 23. Qxd1 Rd8 24. Qa4 b6 25. Qc6 Rd6 26. Qe4 Qc7 27. c5 bxc5 28. Rxc5 Qb8 29. Rb5 Rb6 30. Rxb6 axb6 31. Qc6 g6 32. a4 Qd8 33. b4 Qd1 34. a5 bxa5 35. bxa5 e5 36. Qe8+ Kg7 37. Qxe5+ f6 38. Qc7+ Kh6 39. Qc6 Qd4 40. a6 f5 41. Qb7 f4 42. a7 f3+ 43. Kxf3 Qd1+ 44. Kg2 1-0

[Event "Xtracon Open 2019"]
[Site "Helsingor"]
[Date "2019.07.27"]
[Round "9.6"]
[White "Postny, Evgeny"]
[Black "Kryakvin, Dmitry"]
[Result "1/2-1/2"]
[WhiteElo "2601"]
[BlackElo "2586"]
[Annotator "ChessBase"]
[PlyCount "68"]
[EventDate "2019.07.19"]
[EventType "swiss"]
[EventCountry "DEN"]
[SourceTitle "playchess.com"]
[Source "ChessBase"]
[SourceQuality "1"]

1. d4 d5 2. c4 c6 3. cxd5 cxd5 4. Bf4 Nf6 5. Nc3 Nc6 6. e3 Bg4 7. Qb3 Na5 8. Qa4+ Bd7 9. Qd1 e6 10. Bd3 Be7 11. Nf3 Rc8 12. O-O O-O 13. Qe2 Nc4 14. Ne5 Nd6 15. Rac1 a6 16. Qf3 Bc6 17. Rc2 Nd7 18. Nxc6 Rxc6 19. Bxd6 Bxd6 20. e4 dxe4 21. Bxe4 Rb6 22. g3 Nf6 23. Rd1 Qe7 24. b3 Rd8 25. Qe2 Bb4 26. Bf3 Bxc3 27. Rxc3 Rbd6 28. Qc2 Nd5 29. Bxd5 Rxd5 30. Rc7 R5d7 31. Rc1 g6 32. Qc5 Qxc5 33. R1xc5 Kf8 34. Kg2 Ke7 1/2-1/2

[Event "Xtracon Open 2019"]
[Site "Helsingor"]
[Date "2019.07.27"]
[Round "9.6"]
[White "Bruaset, Eivind"]
[Black "Tomilova, Elena"]
[Result "1/2-1/2"]
[WhiteElo "2074"]
[BlackElo "2281"]
[Annotator "NA"]
[PlyCount "88"]
[EventDate "2019.07.19"]
[EventType "swiss"]
[EventCountry "DEN"]
[SourceTitle "playchess.com"]
[Source "ChessBase"]
[SourceQuality "1"]

1. e4 c5 2. Nf3 a6 3. c4 Nc6 4. d4 cxd4 5. Nxd4 e5 6. Nf5 d6 7. Nc3 g6 8. Ne3 Be6 9. Ned5 Bg7 10. Bd3 Nge7 11. O-O O-O 12. Be3 Nd4 13. a4 Bxd5 14. cxd5 Rc8 15. a5 h6 16. Qa4 Kh7 17. Ne2 Nxe2+ 18. Bxe2 f5 19. f3 Ng8 20. Rac1 Qe7 21. Rc4 Rxc4 22. Qxc4 Bf6 23. b4 Rf7 24. Bb6 Bg5 25. Bd3 Kg7 26. Rf2 Qd7 27. b5 axb5 28. Qxb5 Nf6 29. Qb3 fxe4 30. Bxe4 Nxe4 31. fxe4 Rxf2 32. Kxf2 Qc8 33. Be3 Bh4+ 34. g3 Bd8 35. Bb6 Be7 36. Kg2 Bg5 37. Be3 Bxe3 38. Qxe3 Qc2+ 39. Kf3 g5 40. Qb6 Qd1+ 41. Ke3 Qc1+ 42. Kd3 Qa3+ 43. Ke2 Kg6 44. Qb5 Qa2+ 1/2-1/2

[Event "Xtracon Open 2019"]
[Site "Helsingor"]
[Date "2019.07.27"]
[Round "9.6"]
[White "Saltvedt, Martin"]
[Black "Fossan, Aleksander"]
[Result "1/2-1/2"]
[WhiteElo "1984"]
[BlackElo "2155"]
[Annotator "NA"]
[PlyCount "43"]
[EventDate "2019.07.19"]
[EventType "swiss"]
[EventCountry "DEN"]
[SourceTitle "playchess.com"]
[Source "ChessBase"]
[SourceQuality "1"]

1. e4 c5 2. Nf3 Nc6 3. d4 cxd4 4. Nxd4 g6 5. c4 Bg7 6. Be3 d6 7. Nc3 Nf6 8. Be2 O-O 9. Qd2 Bd7 10. f3 Nxd4 11. Bxd4 a5 12. Kf2 Bc6 13. Rhd1 Nd7 14. Bxg7 Kxg7 15. Qd4+ Kg8 16. Rac1 Qb6 17. Qxb6 Nxb6 18. Nd5 Bxd5 19. cxd5 Rfc8 20. Bb5 Rxc1 21. Rxc1 Rc8 22. Rxc8+ 1/2-1/2

[Event "Xtracon Open 2019"]
[Site "Helsingor"]
[Date "2019.07.27"]
[Round "9.6"]
[White "Sorensen, Bernhard W."]
[Black "Wiberg, Jonas"]
[Result "*"]
[WhiteElo "1567"]
[BlackElo "1700"]
[Annotator "NA"]
[PlyCount "99"]
[EventDate "2019.07.19"]
[EventType "swiss"]
[EventCountry "DEN"]
[SourceTitle "playchess.com"]
[Source "ChessBase"]
[SourceQuality "1"]

1. d4 Nf6 2. Bf4 e6 3. e3 c5 4. c3 d5 5. Bd3 Nc6 6. Nd2 Be7 7. h3 Qb6 8. Rb1 Bd7 9. Ngf3 Rc8 10. O-O h6 11. Re1 O-O 12. Ne5 Rfd8 13. Ndf3 Be8 14. Nh2 Nxe5 15. Bxe5 Nd7 16. Bf4 f5 17. g4 g5 18. Bg3 c4 19. Bc2 Bg6 20. gxf5 exf5 21. Qf3 Qe6 22. Qg2 Nf6 23. f3 Qf7 24. Be5 Bd6 25. f4 Bxe5 26. dxe5 Ne4 27. Bxe4 dxe4 28. fxg5 hxg5 29. Qxg5 Rd5 30. Qg3 Qe6 31. Rbd1 Rcd8 32. Rd4 Rxd4 33. cxd4 Kf7 34. Qh4 Rc8 35. Rf1 b5 36. Qxe4 Ke8 37. Qb7 Qd7 38. Qxd7+ Kxd7 39. Rc1 Ke6 40. Kf2 Kd5 41. Nf3 Be8 42. Ng5 Bd7 43. Kf3 a5 44. h4 b4 45. h5 c3 46. bxc3 bxc3 47. h6 Kc4 48. Nf7 Bc6+ 49. Ke2 Rb8 50. Nd6+ *

[Event "Xtracon Open 2019"]
[Site "Helsingor"]
[Date "2019.07.27"]
[Round "9.7"]
[White "Grandelius, Nils"]
[Black "Cramling, Pia"]
[Result "1-0"]
[WhiteElo "2691"]
[BlackElo "2479"]
[Annotator "ChessBase"]
[PlyCount "63"]
[EventDate "2019.07.19"]
[EventType "swiss"]
[EventCountry "DEN"]
[SourceTitle "playchess.com"]
[Source "ChessBase"]
[SourceQuality "1"]

1. c4 c5 2. Nf3 Nc6 3. d4 cxd4 4. Nxd4 Nf6 5. Nc3 Qb6 6. Nb3 e6 7. a3 Be7 8. e4 d6 9. Be2 O-O 10. O-O Qd8 11. f4 b6 12. Be3 Bb7 13. Qe1 Nd7 14. Rd1 Qb8 15. Qg3 Nc5 16. Nd4 Nxd4 17. Bxd4 e5 18. fxe5 Ne6 19. Be3 dxe5 20. Nd5 Bxd5 21. cxd5 Nd4 22. Bxd4 exd4 23. e5 b5 24. d6 Bd8 25. Bf3 Bb6 26. Kh1 Qe8 27. Bxa8 Qxa8 28. Qf3 Qc8 29. Qd5 h6 30. Qxb5 Qe6 31. a4 Rc8 32. Rc1 1-0

[Event "Xtracon Open 2019"]
[Site "Helsingor"]
[Date "2019.07.27"]
[Round "9.7"]
[White "Hobber, Anders"]
[Black "Salomon, Johan"]
[Result "1/2-1/2"]
[WhiteElo "2294"]
[BlackElo "2514"]
[Annotator "ChessBase"]
[PlyCount "101"]
[EventDate "2019.07.19"]
[EventType "swiss"]
[EventCountry "DEN"]
[SourceTitle "playchess.com"]
[Source "ChessBase"]
[SourceQuality "1"]

1. d4 Nf6 2. Nf3 g6 3. Nc3 Bg7 4. e4 d5 5. e5 Ne4 6. Bd3 Nxc3 7. bxc3 c5 8. h3 Nc6 9. O-O c4 10. Be2 Qa5 11. Bd2 f6 12. exf6 exf6 13. Re1 O-O 14. Nh2 Bd7 15. Bg4 f5 16. Bf3 Rae8 17. Rxe8 Rxe8 18. Nf1 Nd8 19. Qb1 Bc6 20. Qb2 Nf7 21. Bf4 Bf6 22. a3 Ng5 23. Bxg5 Bxg5 24. Qb4 Qd8 25. Ng3 Be7 26. Qb2 Bd6 27. Qc1 f4 28. Nf1 Kg7 29. Qd2 Qe7 30. Nh2 h5 31. a4 a6 32. a5 Qe6 33. Kf1 Re7 34. Be2 Qf6 35. Nf3 Bc7 36. Ne5 Bxe5 37. dxe5 Qxe5 38. Bf3 Kh6 39. Rd1 g5 40. Qc1 Qxc3 41. Bxd5 Be8 42. h4 Qf6 43. hxg5+ Qxg5 44. Bxc4 Rg7 45. Rd6+ Rg6 46. Rxg6+ Bxg6 47. Qa1 Qc5 48. Qh8+ Kg5 49. Qd8+ Kh6 50. Qh8+ Kg5 51. Qd8+ 1/2-1/2

[Event "Xtracon Open 2019"]
[Site "Helsingor"]
[Date "2019.07.27"]
[Round "9.7"]
[White "Machlik, Monika"]
[Black "Soraas, Torben"]
[Result "1/2-1/2"]
[WhiteElo "2083"]
[BlackElo "2266"]
[Annotator "NA"]
[PlyCount "120"]
[EventDate "2019.07.19"]
[EventType "swiss"]
[EventCountry "DEN"]
[SourceTitle "playchess.com"]
[Source "ChessBase"]
[SourceQuality "1"]

1. d4 Nf6 2. c4 c5 3. d5 b5 4. cxb5 a6 5. bxa6 g6 6. Nc3 Bg7 7. e4 O-O 8. a7 Rxa7 9. Nf3 e6 10. Be2 exd5 11. e5 Ne4 12. Nxd5 Qa5+ 13. Nd2 Bxe5 14. O-O Nxd2 15. Bxd2 Qa4 16. Bc3 Qxd1 17. Ne7+ Kg7 18. Bxe5+ f6 19. Rfxd1 fxe5 20. Nxc8 Rxc8 21. Rd5 Nc6 22. Rxc5 Rb8 23. Rb5 Rc8 24. a3 Nd4 25. Rxe5 Rc2 26. Bg4 Rxb2 27. h4 Nc2 28. Rd1 Nxa3 29. Re7+ Kh6 30. Bxd7 Rb4 31. g3 Nc2 32. Kg2 Rc7 33. Kh3 Rd4 34. g4 g5 35. Rxd4 Nxd4 36. hxg5+ Kxg5 37. Rxh7 Kf6 38. Rh6+ Kg5 39. Rh5+ Kf4 40. Rh7 Kg5 41. Kg2 Ra7 42. f3 Ra2+ 43. Kg3 Ne2+ 44. Kf2 Nf4+ 45. Ke3 Nd5+ 46. Kd3 Ra3+ 47. Kd4 Nf6 48. Rg7+ Kh6 49. Re7 Nxd7 50. Rxd7 Rxf3 51. Ke4 Rf1 52. Rd5 Kg6 53. Ra5 Rf2 54. Ke3 Rf1 55. Ke4 Rf2 56. Rf5 Ra2 57. Kf3 Ra1 58. Rb5 Rf1+ 59. Kg2 Ra1 60. Kg3 Rg1+ 1/2-1/2

[Event "Xtracon Open 2019"]
[Site "Helsingor"]
[Date "2019.07.27"]
[Round "9.7"]
[White "Salerno, Christian"]
[Black "Zheng, Harry Z"]
[Result "*"]
[WhiteElo "2047"]
[BlackElo "1597"]
[Annotator "NA"]
[PlyCount "94"]
[EventDate "2019.07.19"]
[EventType "swiss"]
[EventCountry "DEN"]
[SourceTitle "playchess.com"]
[Source "ChessBase"]
[SourceQuality "1"]

1. e4 e5 2. Nf3 Nc6 3. Bc4 Bc5 4. b4 Bxb4 5. c3 Ba5 6. d4 exd4 7. O-O Nge7 8. Ng5 d5 9. exd5 Ne5 10. Qxd4 f6 11. Bb3 Bb6 12. Qe4 Bf5 13. Qa4+ Qd7 14. Qxd7+ Bxd7 15. Ne4 O-O-O 16. Ba3 N7g6 17. Nbd2 Nf4 18. Nc5 Bxc5 19. Bxc5 Ne2+ 20. Kh1 Nxc3 21. Rac1 Ne2 22. Bxa7 Nxc1 23. Rxc1 Nd3 24. Rc3 Rde8 25. h3 Nb4 26. Nc4 Kd8 27. Na5 Re1+ 28. Kh2 Bc8 29. d6 c6 30. Rg3 g6 31. Bd4 Rf8 32. Bc5 Na6 33. Bb6+ Kd7 34. Nc4 Re2 35. a3 Re1 36. Rd3 Rfe8 37. Ba5 R8e5 38. Nb6+ Kd8 39. Nd5+ Ke8 40. Nxf6+ Kf8 41. Bxe1 Nc5 42. Bb4 Nd7 43. Nxd7+ Bxd7 44. Rf3+ Ke8 45. Bf7+ Kd8 46. Bc3 Rc5 47. Bf6+ Kc8 *

[Event "Xtracon Open 2019"]
[Site "Helsingor"]
[Date "2019.07.27"]
[Round "9.7"]
[White "Stray, Gunnar"]
[Black "Moe, Mogens"]
[Result "0-1"]
[WhiteElo "1996"]
[BlackElo "2152"]
[Annotator "NA"]
[PlyCount "100"]
[EventDate "2019.07.19"]
[EventType "swiss"]
[EventCountry "DEN"]
[SourceTitle "playchess.com"]
[Source "ChessBase"]
[SourceQuality "1"]

1. Nf3 Nf6 2. g3 g6 3. Bg2 Bg7 4. O-O O-O 5. d4 c5 6. c4 cxd4 7. Nxd4 Nc6 8. Nc3 Qb6 9. Nb3 d6 10. h3 Qb4 11. Nd2 Bd7 12. a3 Qc5 13. Nd5 Nxd5 14. cxd5 Ne5 15. Qb3 Bb5 16. Re1 Rfc8 17. Ne4 Qc4 18. Qe3 Qc7 19. Nd2 Qc5 20. Qxc5 Rxc5 21. Ne4 Rc7 22. Rb1 Bc4 23. Nd2 Ba6 24. b4 Rac8 25. Bf1 b6 26. f4 Nc4 27. Nb3 Bb5 28. e3 Bc3 29. Rd1 Ba4 30. Rd3 Bf6 31. Nd4 b5 32. Rc3 Bxd4 33. exd4 Nb6 34. Rxc7 Rxc7 35. Bg2 Rc3 36. Kh2 Nc4 37. Ra1 Bb3 38. Bf1 a6 39. Bxc4 Rc2+ 40. Kg1 bxc4 41. Be3 Re2 42. Bc1 c3 43. f5 gxf5 44. Bf4 Bxd5 45. a4 e5 46. dxe5 dxe5 47. Bh6 c2 48. b5 Rg2+ 49. Kf1 Rxg3 50. Bc1 Rb3 0-1

[Event "Xtracon Open 2019"]
[Site "Helsingor"]
[Date "2019.07.27"]
[Round "9.8"]
[White "Hammer, Jon Ludvig"]
[Black "Bjerre, Jonas Buhl"]
[Result "1-0"]
[WhiteElo "2637"]
[BlackElo "2503"]
[Annotator "ChessBase"]
[PlyCount "69"]
[EventDate "2019.07.19"]
[EventType "swiss"]
[EventCountry "DEN"]
[SourceTitle "playchess.com"]
[Source "ChessBase"]
[SourceQuality "1"]

1. d4 Nf6 2. c4 e6 3. Nf3 d5 4. g3 dxc4 5. Bg2 c6 6. a4 c5 7. O-O Bd7 8. Ne5 Bc6 9. Nxc6 Nxc6 10. a5 Nxa5 11. Qa4+ Nc6 12. Qb5 Qc8 13. dxc5 Be7 14. Qxc4 O-O 15. Nc3 Ne5 16. Qb5 Nc6 17. b4 Rd8 18. Bxc6 bxc6 19. Qa6 Qc7 20. Bf4 e5 21. Bg5 e4 22. Rac1 Rab8 23. Bf4 Qb7 24. Qa4 Ra8 25. Rfd1 Rxd1+ 26. Rxd1 Qc8 27. Bg5 Qe6 28. e3 h6 29. Bxf6 gxf6 30. Ne2 Rc8 31. Qxa7 Bf8 32. Rd7 Qc4 33. Nd4 Qxb4 34. Rxf7 Qxc5 35. Rg7+ 1-0

[Event "Xtracon Open 2019"]
[Site "Helsingor"]
[Date "2019.07.27"]
[Round "9.8"]
[White "Welling, Gerard"]
[Black "Hauge, Lars Oskar"]
[Result "0-1"]
[WhiteElo "2310"]
[BlackElo "2476"]
[Annotator "ChessBase"]
[PlyCount "58"]
[EventDate "2019.07.19"]
[EventType "swiss"]
[EventCountry "DEN"]
[SourceTitle "playchess.com"]
[Source "ChessBase"]
[SourceQuality "1"]

1. e4 e5 2. Nc3 Nc6 3. f4 exf4 4. Nf3 g5 5. Bc4 Bg7 6. d4 d6 7. h4 h6 8. Bb5 a6 9. Bxc6+ bxc6 10. Qd3 a5 11. Qc4 Rb8 12. hxg5 hxg5 13. Rxh8 Bxh8 14. Qxc6+ Kf8 15. Qd5 Bf6 16. e5 Bb7 17. Qxa5 dxe5 18. dxe5 Be7 19. Bd2 g4 20. O-O-O gxf3 21. Bxf4 f2 22. Qa7 Qxd1+ 23. Nxd1 f1=Q 24. Qxb8+ Kg7 25. Be3 Bxg2 26. Qxc7 Bf3 27. Qd7 Nh6 28. Qd2 Ng4 29. Bg5 Bxd1 0-1

[Event "Xtracon Open 2019"]
[Site "Helsingor"]
[Date "2019.07.27"]
[Round "9.8"]
[White "Thorsbro, Peter"]
[Black "Bronnum, Jan"]
[Result "1-0"]
[WhiteElo "2199"]
[BlackElo "2046"]
[Annotator "NA"]
[PlyCount "59"]
[EventDate "2019.07.19"]
[EventType "swiss"]
[EventCountry "DEN"]
[SourceTitle "playchess.com"]
[Source "ChessBase"]
[SourceQuality "1"]

1. d4 Nf6 2. c4 e6 3. Nc3 Bb4 4. Qc2 c5 5. dxc5 O-O 6. Bf4 Bxc5 7. Nf3 Nc6 8. Rd1 a6 9. e3 Qa5 10. a3 d5 11. Nd2 Be7 12. Nb3 Qb6 13. cxd5 exd5 14. Be2 Be6 15. O-O Rac8 16. Rd2 Na5 17. Nxa5 Qxa5 18. Bf3 b5 19. Rc1 b4 20. axb4 Bxb4 21. Be5 Nd7 22. Bd4 f6 23. Qd1 Qd8 24. Qb3 Qa5 25. Rdd1 Rfd8 26. Bxd5 Bxd5 27. Nxd5 Kh8 28. Rxc8 Rxc8 29. Nxb4 Rb8 30. Nc6 1-0

[Event "Xtracon Open 2019"]
[Site "Helsingor"]
[Date "2019.07.27"]
[Round "9.8"]
[White "Le Besq, Alexander"]
[Black "Mardell, Jonas"]
[Result "1-0"]
[WhiteElo "2149"]
[BlackElo "2024"]
[Annotator "NA"]
[PlyCount "83"]
[EventDate "2019.07.19"]
[EventType "swiss"]
[EventCountry "DEN"]
[SourceTitle "playchess.com"]
[Source "ChessBase"]
[SourceQuality "1"]

1. e4 c5 2. Nf3 d6 3. d4 cxd4 4. Nxd4 Nf6 5. f3 Nc6 6. c4 e5 7. Nc2 Nxe4 8. fxe4 Qh4+ 9. Kd2 Qxe4 10. Qe1 Qg6 11. Qg3 Qe6 12. Nc3 Bd7 13. Nd5 O-O-O 14. b4 g6 15. b5 Nd4 16. Nxd4 exd4 17. Qf3 Bh6+ 18. Kd1 Rhe8 19. Bd3 Be3 20. a4 g5 21. a5 g4 22. Qf6 Bxc1 23. Kxc1 Qxf6 24. Nxf6 Re3 25. Kd2 Be6 26. Rhe1 d5 27. c5 Rxe1 28. Kxe1 h5 29. a6 bxa6 30. Rxa6 Kb8 31. Ra4 Rc8 32. c6 Rh8 33. Rxd4 Kc7 34. Nxd5+ Kd6 35. Nf4+ Kc5 36. Nxe6+ fxe6 37. Ra4 Ra8 38. Ra6 h4 39. c7 Rc8 40. Rxa7 Kb6 41. Ra6+ Kxc7 42. Rc6+ 1-0

[Event "Xtracon Open 2019"]
[Site "Helsingor"]
[Date "2019.07.27"]
[Round "9.8"]
[White "Jepsen, Thomas Tange"]
[Black "Buchal, Stephan"]
[Result "1/2-1/2"]
[WhiteElo "2069"]
[BlackElo "2260"]
[Annotator "NA"]
[PlyCount "38"]
[EventDate "2019.07.19"]
[EventType "swiss"]
[EventCountry "DEN"]
[SourceTitle "playchess.com"]
[Source "ChessBase"]
[SourceQuality "1"]

1. d4 d6 2. e4 g6 3. Nf3 Nf6 4. Bd3 Nc6 5. c3 Bg7 6. O-O O-O 7. Bf4 Nh5 8. Be3 e5 9. Nbd2 h6 10. Bb5 Qf6 11. Qa4 Ne7 12. Bd7 c6 13. Bxc8 Rfxc8 14. Qb4 b6 15. dxe5 dxe5 16. Nc4 Qe6 17. Rad1 b5 18. Nd6 Rc7 19. Qb3 Nf4 1/2-1/2

[Event "Xtracon Open 2019"]
[Site "Helsingor"]
[Date "2019.07.27"]
[Round "9.9"]
[White "Kjartansson, Gudmundur"]
[Black "Moiseenko, Alexander"]
[Result "0-1"]
[WhiteElo "2470"]
[BlackElo "2628"]
[Annotator "ChessBase"]
[PlyCount "120"]
[EventDate "2019.07.19"]
[EventType "swiss"]
[EventCountry "DEN"]
[SourceTitle "playchess.com"]
[Source "ChessBase"]
[SourceQuality "1"]

1. d4 Nf6 2. Nf3 e6 3. g3 b5 4. Bg5 Bb7 5. Nbd2 c5 6. e4 cxd4 7. Nxd4 a6 8. Bg2 d6 9. O-O Nbd7 10. c3 h6 11. Bxf6 Nxf6 12. a4 e5 13. Nf5 g6 14. Ne3 Be7 15. axb5 axb5 16. Qb3 Bc6 17. Nc2 O-O 18. Nb4 Bb7 19. Qc2 d5 20. Rxa8 Qxa8 21. Nxd5 Nxd5 22. exd5 Bxd5 23. Bxd5 Qxd5 24. Re1 Rd8 25. Nf1 Bc5 26. Ne3 Qf3 27. Rd1 Ra8 28. Qd2 Bxe3 29. fxe3 h5 30. Re1 Kg7 31. Qg2 Qxg2+ 32. Kxg2 Ra2 33. Re2 f5 34. h4 Kf6 35. Rd2 g5 36. hxg5+ Kxg5 37. Kh3 e4 38. Rc2 Ra1 39. b3 Re1 40. c4 Rxe3 41. c5 Rd3 42. c6 Rd8 43. c7 Rc8 44. Rc6 e3 45. Kg2 f4 46. Kf3 fxg3 47. Kxg3 h4+ 48. Kf3 h3 49. Rc2 e2 50. Rxe2 Rxc7 51. Re5+ Kf6 52. Rh5 Rc3+ 53. Kf4 Rxb3 54. Rh6+ Kg7 55. Rh5 Kg6 56. Rh8 b4 57. Ke4 Rc3 58. Kd4 Kg5 59. Rh7 Kf4 60. Rb7 h2 0-1

[Event "Xtracon Open 2019"]
[Site "Helsingor"]
[Date "2019.07.27"]
[Round "9.9"]
[White "Antonsen, Mikkel"]
[Black "Ronka, Erik"]
[Result "0-1"]
[WhiteElo "2400"]
[BlackElo "2289"]
[Annotator "TA"]
[PlyCount "166"]
[EventDate "2019.07.19"]
[EventType "swiss"]
[EventCountry "DEN"]
[SourceTitle "playchess.com"]
[Source "ChessBase"]
[SourceQuality "1"]

1. d4 d5 2. Nf3 Nf6 3. c4 c6 4. e3 Bf5 5. Nc3 e6 6. Nh4 Bg6 7. Nxg6 hxg6 8. Rb1 Qc7 9. g3 Nbd7 10. c5 e5 11. b4 Be7 12. Bg2 e4 13. f4 exf3 14. Qxf3 Nf8 15. e4 dxe4 16. Nxe4 Nxe4 17. Qxe4 Rxh2 18. O-O Qxg3 19. Bf4 Rxg2+ 20. Qxg2 Qxg2+ 21. Kxg2 a6 22. a4 Rd8 23. b5 axb5 24. axb5 Rxd4 25. bxc6 bxc6 26. Be3 Rd3 27. Rb8+ Rd8 28. Rxd8+ Bxd8 29. Ra1 Ne6 30. Ra7 Bc7 31. Ra8+ Kd7 32. Kf3 f5 33. Rg8 Bd8 34. Bf4 Be7 35. Be5 Bxc5 36. Bxg7 Be7 37. Be5 g5 38. Ra8 Nc5 39. Rg8 Ke6 40. Bd4 Ne4 41. Be3 g4+ 42. Kg2 Bd6 43. Re8+ Kd5 44. Rg8 c5 45. Kf1 f4 46. Bxf4 Bxf4 47. Rxg4 Be5 48. Ke2 Nf6 49. Ra4 c4 50. Kd2 Kd4 51. Ra8 c3+ 52. Kc2 Nd5 53. Ra4+ Kc5 54. Kb3 Ne3 55. Ra8 Kd4 56. Rd8+ Ke4 57. Rc8 Kd3 58. Rd8+ Bd4 59. Rc8 c2 60. Rc7 Kd2 61. Rxc2+ Nxc2 62. Kc4 Ke3 63. Kd5 Kf4 64. Kc6 Ke5 65. Kb7 Nb4 66. Kc7 Ke6 67. Kb7 Kd7 68. Kb8 Kc6 69. Ka8 Nd5 70. Kb8 Nc7 71. Kc8 Ba7 72. Kd8 Nd5 73. Kc8 Ne7+ 74. Kd8 Kd6 75. Ke8 Ke6 76. Kf8 Nf5 77. Ke8 Bb6 78. Kf8 Bd8 79. Ke8 Bf6 80. Kf8 Be7+ 81. Kg8 Kf6 82. Kh7 Kf7 83. Kh8 Kg6 0-1

[Event "Xtracon Open 2019"]
[Site "Helsingor"]
[Date "2019.07.27"]
[Round "9.9"]
[White "Jogstad, Martin"]
[Black "Rolvag, Mikael"]
[Result "1-0"]
[WhiteElo "2259"]
[BlackElo "2119"]
[Annotator "NA"]
[PlyCount "53"]
[EventDate "2019.07.19"]
[EventType "swiss"]
[EventCountry "DEN"]
[SourceTitle "playchess.com"]
[Source "ChessBase"]
[SourceQuality "1"]

1. d4 Nf6 2. c4 g6 3. Nc3 Bg7 4. e4 d6 5. Be2 O-O 6. Nf3 e5 7. d5 a5 8. Bg5 h6 9. Be3 Ng4 10. Bd2 f5 11. h3 Nf6 12. exf5 gxf5 13. Qc1 f4 14. g3 Na6 15. gxf4 e4 16. Nd4 Nh5 17. Bxh5 Nc5 18. Be2 Bxd4 19. Be3 Bg7 20. Qd2 Bf5 21. O-O-O Kh7 22. Rdg1 Bf6 23. Bg4 Qd7 24. Bxc5 dxc5 25. Nxe4 Bd4 26. Ng3 Kh8 27. Nxf5 1-0

[Event "Xtracon Open 2019"]
[Site "Helsingor"]
[Date "2019.07.27"]
[Round "9.9"]
[White "Steenstrup, Svend"]
[Black "Crevatin, Leo"]
[Result "0-1"]
[WhiteElo "1924"]
[BlackElo "2146"]
[Annotator "NA"]
[PlyCount "74"]
[EventDate "2019.07.19"]
[EventType "swiss"]
[EventCountry "DEN"]
[SourceTitle "playchess.com"]
[Source "ChessBase"]
[SourceQuality "1"]

1. d4 d5 2. c4 e6 3. Nf3 Nf6 4. e3 b6 5. cxd5 exd5 6. Bd3 Bb7 7. Nbd2 Nbd7 8. O-O Bd6 9. Re1 Ne4 10. b3 O-O 11. Bb2 Qe7 12. Qe2 a5 13. Nf1 f5 14. N3d2 a4 15. f3 a3 16. Bc1 Nc3 17. Qf2 Rae8 18. Ng3 g6 19. Nb1 Ne4 20. Nxe4 fxe4 21. Be2 exf3 22. gxf3 Nf6 23. Qh4 Kh8 24. Bb5 c6 25. Bd3 g5 26. Qh6 g4 27. f4 g3 28. h3 Ng8 29. Qg5 Qxg5 30. fxg5 Bc8 31. Bxa3 Bxa3 32. Nxa3 Bxh3 33. Nc2 Rf2 34. Re2 Ref8 35. Ree1 Rg2+ 36. Kh1 Rh2+ 37. Kg1 Rff2 0-1

[Event "Xtracon Open 2019"]
[Site "Helsingor"]
[Date "2019.07.27"]
[Round "9.10"]
[White "Korley, Kassa"]
[Black "Lysyj, Igor"]
[Result "1/2-1/2"]
[WhiteElo "2437"]
[BlackElo "2623"]
[Annotator "ChessBase"]
[PlyCount "53"]
[EventDate "2019.07.19"]
[EventType "swiss"]
[EventCountry "DEN"]
[SourceTitle "playchess.com"]
[Source "ChessBase"]
[SourceQuality "1"]

1. d4 e6 2. c4 b6 3. Nf3 Bb7 4. a3 f5 5. Nc3 Nf6 6. Bf4 g6 7. e3 Bg7 8. Be2 O-O 9. O-O h6 10. d5 Na6 11. d6 Ne8 12. dxc7 Naxc7 13. Qd2 g5 14. Bg3 d6 15. Rad1 Qf6 16. Bxd6 Nxd6 17. Qxd6 Rac8 18. Qd2 e5 19. Qd6 Ne6 20. Nd5 Bxd5 21. Rxd5 Rcd8 22. Qxe5 Qe7 23. Qg3 Nc5 24. Rxd8 Rxd8 25. Nd4 Bxd4 26. exd4 Qxe2 27. dxc5 1/2-1/2

[Event "Xtracon Open 2019"]
[Site "Helsingor"]
[Date "2019.07.27"]
[Round "9.10"]
[White "Heimisson, Hilmir Freyr"]
[Black "Roseneck, Jonas"]
[Result "0-1"]
[WhiteElo "2279"]
[BlackElo "2398"]
[Annotator "NA"]
[PlyCount "94"]
[EventDate "2019.07.19"]
[EventType "swiss"]
[EventCountry "DEN"]
[SourceTitle "playchess.com"]
[Source "ChessBase"]
[SourceQuality "1"]

1. e4 c5 2. Nf3 d6 3. d4 cxd4 4. Qxd4 Nc6 5. Qe3 g6 6. Be2 Bg7 7. O-O Nf6 8. Rd1 O-O 9. h3 Bd7 10. c4 Nb4 11. Qb3 a5 12. a3 Na6 13. Qe3 Nc5 14. Nc3 Bc6 15. e5 Nfe4 16. Nxe4 Bxe4 17. exd6 exd6 18. Qf4 Re8 19. Be3 Qe7 20. Qxd6 Nb3 21. Qxe7 Rxe7 22. Ra2 Bc2 23. Re1 Rd7 24. a4 Rad8 25. Nh2 h5 26. g4 hxg4 27. hxg4 Nd4 28. Bf1 Bb3 29. Ra3 Nc2 30. Rxb3 Nxe1 31. Rb5 Nc2 32. Bg5 Re8 33. Bg2 Rd1+ 34. Nf1 Nd4 35. Rxb7 Ne2+ 36. Kh2 Be5+ 37. Kh3 Ng1+ 38. Kh4 Kg7 39. f4 Bd4 40. Ng3 Bf2 41. Bh6+ Kxh6 42. Rxf7 Bxg3+ 43. Kxg3 Rd3+ 44. Kh4 g5+ 45. fxg5+ Kg6 46. Rf6+ Kg7 47. Rh6 Ree3 0-1